000 00924cam a2200253 a 4500
001 11867863
005 20180220074232.0
008 991214s2001 njua b 001 0 eng
010 _a 99089661
020 _a013019073X (pbk.)
040 _aDLC
_cDLC
_dDLC
041 _aeng
043 _an-us---
080 _a371.9046 SAL
082 0 0 _a371.9046 SAL
_221
100 1 _a47
101 _aEDU
245 1 0 _aCreating inclusive classrooms :
_cSpencer J. Salend.
246 1 _iAccompanying laser optical disk has title:
_aDeveloping quality IEPs: A Case-based Tutorial
504 _aIncludes bibliographical references (p. 453-484) and indexes.
906 _a7
_bcbc
_corignew
_d1
_eocip
_f19
_gy-gencatlg
942 _2ddc
_cBK
999 _c42926
_d42926